[Event "MK Cafe Cup-B"]
[Site "Koszalin"]
[Date "1999.08.06"]
[Round "4"]
[White "Pres, Grigorii"]
[Black "Vokarev, Sergey"]
[Result "1/2-1/2"]
[WhiteElo "2371"]
[BlackElo "2469"]

1.d4 Nf6 2.c4 g6 3.Nc3 d5 4.cxd5 Nxd5 5.e4 Nxc3 6.bxc3 Bg7 7.Bc4 c5 8.Ne2 Nc6
9.Be3 O-O 10.Rc1 cxd4 11.cxd4 Qa5+ 12.Kf1 Bd7 13.f3 Rac8 14.Kf2 Rfd8 15.Qb3 Be8
16.e5 Qb4 17.a3 Qxb3 18.Bxb3 Na5 19.Ba2 Bb5 20.Rxc8 Rxc8 21.Rc1 Rxc1 22.Bxc1 Kf8
23.Nc3 Bc4 24.Bxc4  1/2-1/2

[Event "MK Cafe Cup-B"]
[Site "Koszalin"]
[Date "1999.08.07"]
[Round "5"]
[White "Krivoshey, Sergei"]
[Black "Holmsten, Aleksei"]
[Result "1-0"]
[WhiteElo "2454"]
[BlackElo "2380"]

1.d4 Nf6 2.c4 g6 3.Nc3 d5 4.cxd5 Nxd5 5.e4 Nxc3 6.bxc3 Bg7 7.Nf3 O-O 8.Be2 c5
9.O-O cxd4 10.cxd4 Nc6 11.Be3 Bg4 12.d5 Na5 13.Rc1 b6 14.h3 Bxf3 15.Bxf3 Rc8
16.Qe2 Qd7 17.Bg4 f5 18.exf5 gxf5 19.Bf3 Bf6 20.Bd2 Nb7 21.Rc6 Kh8 22.Rfc1 Nd6
23.Bf4 Nf7 24.Qa6 Rcd8 25.Rc7 Qe8 26.Bh5 Rxd5 27.Rc8 Rd8 28.Rxd8 Qxd8 29.Bxf7 Qd4
30.Qc4 Qxc4 31.Bxc4  1-0

[Event "AZ Sanace Cup"]
[Site "Olomouc"]
[Date "1999.08.07"]
[Round "1"]
[White "Kiriakov, Petr"]
[Black "Kalod, Radek"]
[Result "1-0"]
[WhiteElo "2554"]
[BlackElo "2440"]

1.d4 Nf6 2.c4 g6 3.Nc3 d5 4.cxd5 Nxd5 5.e4 Nxc3 6.bxc3 Bg7 7.Nf3 c5 8.Rb1 O-O
9.Be2 cxd4 10.cxd4 Qa5+ 11.Qd2 Qxd2+ 12.Bxd2 Rd8 13.Bd3 b6 14.O-O Nc6 15.d5 Na5
16.Bg5 Kf8 17.Rfc1 h6 18.Bd2 Bg4 19.Ba6 Bc8 20.Bb5 Bd7 21.Bxa5 bxa5 22.Bc6 Bxc6
23.dxc6 a4 24.Kf1 Ke8 25.Ke2 Rdc8 26.Rc5 Rc7 27.e5 e6 28.Nd4 a6 29.f4 Bf8
30.Ra5 a3 31.Rb6 Rca7 32.Nb5 axb5 33.Rxa7 Rxa7 34.Rb8+  1-0

[Event "VISA Nordic GP fin"]
[Site "Gentofte"]
[Date "1999.08.08"]
[Round "2"]
[White "Hillarp Persson, Tiger"]
[Black "Akesson, Ralf"]
[Result "1/2-1/2"]
[WhiteElo "2507"]
[BlackElo "2535"]

1.d4 Nf6 2.c4 g6 3.Nc3 d5 4.cxd5 Nxd5 5.e4 Nxc3 6.bxc3 Bg7 7.Bc4 c5 8.Ne2 O-O
9.O-O Nc6 10.Be3 Bg4 11.f3 Na5 12.Bd3 cxd4 13.cxd4 Be6 14.Rc1 Bxa2 15.Qa4 Be6
16.d5 Bd7 17.Qb4 e6 18.Nc3 exd5 19.exd5 Re8 20.Bf2 b6 21.Bh4 Bf8 22.d6 Bxd6
23.Qxd6 Qxh4 24.Ne4 Rad8 25.g3 Qe7 26.Nf6+ Kf8 27.Nxe8 Rxe8 28.Qd4 Qe3+ 29.Qxe3 Rxe3
30.Be4 Nb3 31.Rc7 Nc5 32.Rxa7 Bh3 33.Kf2 Rxe4 34.fxe4 Nxe4+ 35.Ke3 Bxf1 36.Kxe4 b5  1/2-1/2

[Event "AZ Sanace Cup"]
[Site "Olomouc"]
[Date "1999.08.08"]
[Round "2"]
[White "Polak, Tomas"]
[Black "Mirumian, Vigen"]
[Result "1/2-1/2"]
[WhiteElo "2488"]
[BlackElo "2506"]

1.d4 Nf6 2.c4 g6 3.Nc3 d5 4.cxd5 Nxd5 5.e4 Nxc3 6.bxc3 Bg7 7.Nf3 c5 8.Rb1 O-O
9.Be2 cxd4 10.cxd4 Qa5+ 11.Bd2 Qxa2 12.O-O Bg4 13.Be3 Nc6 14.d5 Na5 15.Bg5 Qa3
16.Qe1 Bxf3 17.Bxf3 Be5 18.Bg4 Nc4 19.Rxb7 Bf6 20.Bxf6 exf6 21.Qb4 Qxb4 22.Rxb4 Nd6
23.Bd7 Rfb8 24.Ra4 Rb2 25.f3 Re2 26.Rfa1 f5 27.Kf1 Rc2 28.exf5 Nxf5 29.Bxf5 gxf5
30.Rxa7 Rd8 31.Ra8 Rxa8 32.Rxa8+ Kg7 33.Ra6 Rd2 34.Rd6 f4 35.h4 h5 36.Kg1 Kf8
37.Rf6 Rxd5 38.Rxf4 Kg7 39.Kh2 Kg6 40.Kg3 Rd2 41.Ra4 Rc2 42.Ra5 f6 43.Ra1 Rb2
44.Rf1 Kf5 45.Rf2 Rb4 46.Re2 Ra4 47.Kh3 Ra3 48.Re4 Rb3 49.Kg3 Ra3 50.Rf4+ Kg6
51.Kh3 Rb3 52.g4 hxg4+ 53.Kxg4 Rb5 54.Ra4 Rc5 55.Ra6 Rc4+ 56.f4 Rc5 57.f5+ Rxf5
58.h5+ Rxh5 59.Rxf6+ Kxf6 60.Kxh5  1/2-1/2

[Event "MK Cafe Cup-B"]
[Site "Koszalin"]
[Date "1999.08.11"]
[Round "8"]
[White "Rosenbeiger, Alan"]
[Black "Ilczuk, Piotr"]
[Result "0-1"]
[WhiteElo "2156"]
[BlackElo "2323"]

1.d4 g6 2.c4 Nf6 3.Nc3 d5 4.cxd5 Nxd5 5.e4 Nxc3 6.bxc3 Bg7 7.Nf3 O-O 8.Rb1 b6
9.Be3 Bb7 10.Bd3 Nd7 11.O-O e5 12.d5 Qe7 13.Qa4 Rfc8 14.Bb5 Nf6 15.Bc1 Bf8
16.Rb3 a6 17.Bd3 Nd7 18.Rb1 c6 19.c4 Nc5 20.Qd1 cxd5 21.cxd5 b5 22.Bb2 f6
23.Ba3 Qd7 24.Bxc5 Rxc5 25.a4 bxa4 26.Rb6 Bd6 27.Nd2 Qc7 28.Qb1 Bc8 29.Nc4 Rb5
30.Rxb5 axb5 31.Nxd6 Qxd6 32.Bxb5 a3 33.Rc1 a2 34.Qa1 Qa3 35.Rf1 Rb8 36.Bc4 Ba6
37.Qxa2 Qxa2 38.Bxa2 Bxf1 39.Kxf1 Kf7 40.Bc4 Rb2 41.g4 Ke7 42.h4 Kd6 43.h5 gxh5
44.gxh5 Rb4 45.Bd3 Kc5 46.Kg2 Kd4 47.Bc2 Kc3 48.Bd1 Rxe4 49.Kg3 Rd4 50.Bg4 Rxd5
51.Bf5 h6 52.Be4 Rd2 53.f3 Kd4 54.Bf5 Re2 55.Bg6 e4 56.fxe4 Rxe4  0-1

[Event "Vlissingen HZ op"]
[Site "Vlissingen"]
[Date "1999.08.12"]
[Round "4"]
[White "Groffen, Hans"]
[Black "Mikhalevski, Victor"]
[Result "0-1"]
[WhiteElo "2209"]
[BlackElo "2516"]

1.d4 Nf6 2.c4 g6 3.Nc3 d5 4.cxd5 Nxd5 5.e4 Nxc3 6.bxc3 Bg7 7.Nf3 O-O 8.Rb1 b6
9.Be3 c5 10.Qd2 Bb7 11.d5 Nd7 12.c4 e5 13.Qc2 Nf6 14.h3 Ne8 15.g4 Nd6 16.h4 Bc8
17.Rg1 Kh8 18.h5 gxh5 19.gxh5 f5 20.Rxg7 Kxg7 21.Qb2 fxe4 22.Bg5 Qe8 23.Nxe5 Kg8
24.Be2 Nf7 25.Bf4 Nxe5 26.Bxe5 Rf5 27.Bc3 e3 28.fxe3 Qxe3 29.Qc1 Qg3+ 30.Kd2 Rf2
31.Qg1 Rg2 32.Qe3 Qxe3+ 33.Kxe3 Bf5 34.Re1 Re8+ 35.Kf3 Rgxe2 36.Rxe2 Bg4+
37.Kxg4 Rxe2 38.Kf5 Kf7 39.h6 Rxa2 40.Ke5 Ke7 41.d6+ Kd7 42.Kf6 Rg2 43.Kf7 a5
44.Bg7 a4 45.Kg8 a3 46.Kxh7 a2 47.Be5 Rg1  0-1

[Event "Lost Boys"]
[Site "Amsterdam"]
[Date "1999.08.13"]
[Round "1"]
[White "Avrukh, Boris"]
[Black "Timman, Jan H"]
[Result "0-1"]
[WhiteElo "2588"]
[BlackElo "2650"]

1.d4 Nf6 2.c4 g6 3.Nc3 d5 4.cxd5 Nxd5 5.e4 Nxc3 6.bxc3 Bg7 7.Bb5+ c6 8.Ba4 O-O
9.Ne2 c5 10.O-O Nc6 11.Be3 Na5 12.Rb1 b6 13.Bb5 Be6 14.d5 Bd7 15.Bd3 e5 16.f4 f5
17.Ng3 c4 18.Bc2 g5 19.fxe5 f4 20.e6 Bxe6 21.e5 Bf7 22.e6 Bg6 23.Bxg6 hxg6
24.d6 Nc6 25.Qd5 Ne7 26.Qxg5 Qxd6 27.Bxf4 Qc5+ 28.Qxc5 bxc5 29.Rb7 Nd5 30.Bd6 Rfe8
31.Rd1 Ne3 32.Re1 Bxc3 33.Ne4 Nc2 34.Rd1 Bg7 35.Rxg7+ Kxg7 36.Be5+ Kh6 37.Bf4+ g5
38.Nxg5 Kg6 39.Rd6 Nd4 40.Kf2 Kf5 41.Bc1 Nxe6 42.Rd5+ Kf6 43.Ne4+ Ke7 44.Re5 Rf8+
45.Ke1 Kd7 46.Be3 Rab8 47.Rd5+ Kc7 48.Re5 Nf4 49.Rxc5+ Kd7 50.Rxc4 Nxg2+
51.Kd2 Nxe3 52.Kxe3 Rb5 53.h4 Rf1 54.Ra4 a5 55.Nd2 Re1+ 56.Kf2 Ree5 57.Nf3 Red5
58.Kg3 Rb4 59.Ra3 a4 60.Re3 Kd6 61.Ng5 Rdd4 62.Nf3 Rg4+ 63.Kh3 Rge4 64.Rd3+ Kc5
65.h5 Rb2 66.Ng5 Re1 67.Kg4 Rxa2 68.Kf5 Rf2+ 69.Kg6 Rg1 70.Re3 Rfg2 71.Re5+ Kd6  0-1

[Event "Baunatal op 5th"]
[Site "Baunatal"]
[Date "1999.08.13"]
[Round "2"]
[White "Pasalic, Mehmed"]
[Black "Schnegelsberg, Karl Heinz"]
[Result "1-0"]
[WhiteElo "2350"]
[BlackElo "2124"]

1.d4 Nf6 2.c4 g6 3.Nc3 d5 4.cxd5 Nxd5 5.e4 Nxc3 6.bxc3 Bg7 7.Ba3 Nd7 8.Bc4 O-O
9.Nf3 Nf6 10.Qe2 Bg4 11.h3 Bd7 12.Ne5 Be8 13.O-O c6 14.f4 a5 15.Rad1 Nh5
16.Kh2 b5 17.Bb3 a4 18.Bc2 f6 19.Nd3 Qc7 20.e5 Bf7 21.g4 fxe5 22.gxh5 exd4
23.cxd4 Bc4 24.Qe4 Rf5 25.hxg6 hxg6 26.Rf2 Bd5 27.Qe3 Raf8 28.Ne5 Rxe5 29.fxe5 Bxe5+
30.dxe5 Rxf2+ 31.Qxf2 Qxe5+ 32.Kg1 Qe6 33.Qg3 Kh7 34.Re1  1-0

[Event "NED U20 op"]
[Site "Hengelo"]
[Date "1999.08.13"]
[Round "8"]
[White "Halkias, Stelios"]
[Black "Gustafsson, Jan"]
[Result "1/2-1/2"]
[WhiteElo "2406"]
[BlackElo "2436"]

1.d4 Nf6 2.c4 g6 3.Nc3 d5 4.cxd5 Nxd5 5.e4 Nxc3 6.bxc3 Bg7 7.Nf3 c5 8.Rb1 O-O
9.Be2 cxd4 10.cxd4 Qa5+ 11.Bd2 Qxa2 12.O-O Bg4 13.Bg5 h6 14.Bh4 Qe6 15.h3 Bxf3
16.Bxf3 Qd7 17.d5 Na6 18.Bg4 f5 19.exf5 gxf5 20.Bf3 Nc5 21.Re1 Bf6 22.Bg3 Rac8
23.d6 e6 24.Qd2 Kh7 25.Be5 b6 26.Bxf6 Rxf6 27.Re5 Rff8 28.g4 Qg7 29.Rbe1 Rcd8
30.Kh1 fxg4 31.Bxg4 Qf6 32.Rxe6 Nxe6 33.Rxe6 Qg5 34.Qd3+ Kg7 35.Qc3+ Kg8
36.Qc4  1/2-1/2

[Event "Baunatal op 5th"]
[Site "Baunatal"]
[Date "1999.08.14"]
[Round "6"]
[White "Handschuh, Bernd"]
[Black "Peters, Joerg Michael"]
[Result "1-0"]
[WhiteElo "1550"]
[BlackElo "1787"]

1.d4 Nf6 2.c4 g6 3.Nc3 d5 4.cxd5 Nxd5 5.e4 Nxc3 6.bxc3 Bg7 7.Nf3 c5 8.Rb1 O-O
9.Be2 Qa5 10.Qd2 Nc6 11.Rb5 Qa4 12.Rxc5 a6 13.Bd1 Bh6 14.Qxh6 Qxa2  1-0

[Event "VISA Nordic GP fin"]
[Site "Gentofte"]
[Date "1999.08.17"]
[Round "10"]
[White "Schandorff, Lars"]
[Black "Borge, Nikolaj"]
[Result "1-0"]
[WhiteElo "2514"]
[BlackElo "2426"]

1.d4 Nf6 2.c4 g6 3.Nc3 d5 4.cxd5 Nxd5 5.e4 Nxc3 6.bxc3 Bg7 7.Nf3 c5 8.Rb1 O-O
9.Be2 Nc6 10.d5 Ne5 11.Nxe5 Bxe5 12.Qd2 e6 13.f4 Bc7 14.O-O exd5 15.exd5 Ba5
16.d6 b6 17.Bf3 Bf5 18.Bxa8 Bxb1 19.Bc6 Qf6 20.Bb2 Bf5 21.Re1 Be6 22.a4 Qd4+
23.cxd4 Bxd2 24.Re2 Bxf4 25.d5 Bxd5 26.Bxd5 Bxd6 27.Rf2 Be7 28.Kf1 Bg5 29.Be5 h5
30.Bc4 Be3 31.Rf3 Bd4 32.Bd6  1-0

[Event "Rubinstein Mem 36th"]
[Site "Polanica Zdroj"]
[Date "1999.08.17"]
[Round "1"]
[White "Khenkin, Igor"]
[Black "Sutovskij, Emil"]
[Result "1-0"]
[WhiteElo "2633"]
[BlackElo "2587"]

1.d4 Nf6 2.c4 g6 3.Nc3 d5 4.cxd5 Nxd5 5.e4 Nxc3 6.bxc3 Bg7 7.Nf3 c5 8.Be3 Qa5
9.Qd2 Nc6 10.Rb1 O-O 11.Rb5 cxd4 12.Rxa5 dxe3 13.Qxe3 Nxa5 14.h4 Bg4 15.Nd4 Rac8
16.h5 Rfd8 17.f3 Bd7 18.hxg6 hxg6 19.e5 Rc5 20.f4 Rdc8 21.Kd2 Rc4 22.Kc2 Ra4
23.Kb2 Nc4+ 24.Bxc4 Raxc4 25.Rd1 Ba4 26.Nb3 Bc6 27.g3 e6 28.Rd4 Rxd4 29.Nxd4 Bd5
30.Nb5 Bf8 31.Nd6 Rc6 32.Qxa7 Ra6 33.Qb8 Rxa2+ 34.Kb1 Rh2 35.Qc7 Rh5 36.c4 Bf3
37.Kb2 Rh2+ 38.Kc3 Rh7 39.Kd4 Bg2 40.Qc8 Rh1 41.Qd7 Rd1+ 42.Kc5 Bxd6+ 43.exd6 Bc6
44.Qe7 Kg7 45.g4 Rd3 46.g5 Kg8 47.Qd8+ Kg7 48.Kb6  1-0

[Event "VISA Nordic GP fin"]
[Site "Gentofte"]
[Date "1999.08.18"]
[Round "11"]
[White "Olsen, Heini"]
[Black "Schandorff, Lars"]
[Result "1/2-1/2"]
[WhiteElo "2292"]
[BlackElo "2514"]

1.d4 Nf6 2.c4 g6 3.Nc3 d5 4.cxd5 Nxd5 5.e4 Nxc3 6.bxc3 Bg7 7.Bc4 c5 8.Ne2 Nc6
9.Be3 O-O 10.O-O Bg4 11.f3 Na5 12.Bxf7+ Rxf7 13.fxg4 Rxf1+ 14.Kxf1 cxd4 15.cxd4 e5
16.d5 Nc4 17.Qd3 b5 18.Ng1 Bf8 19.Nf3 Bd6 20.Bf2 a6 21.Rc1 Rc8 22.Rc2 Rc7
23.Ke2 Qc8 24.h3 Na3 25.Rxc7 Qxc7 26.Nxe5 Bxe5 27.Qxa3 Qc2+ 28.Ke3 Bc7 29.Qxa6 Qc3+
30.Ke2 Qc2+ 31.Ke3 Qc3+ 32.Ke2 Qc2+ 33.Ke3 Qc3+  1/2-1/2

[Event "Polanica Zdroj op"]
[Site "Polanica Zdroj"]
[Date "1999.08.18"]
[Round "2"]
[White "Praszak, Michal"]
[Black "Eljanov, Pavel"]
[Result "0-1"]
[WhiteElo "2253"]
[BlackElo "2447"]

1.d4 Nf6 2.c4 g6 3.Nc3 d5 4.cxd5 Nxd5 5.e4 Nxc3 6.bxc3 Bg7 7.Be3 c5 8.Qd2 cxd4
9.cxd4 O-O 10.Nf3 Bg4 11.Be2 Nc6 12.Rd1 Rc8 13.O-O Bxf3 14.Bxf3 Na5 15.Be2 Nc4
16.Bxc4 Rxc4 17.Rc1 b5 18.Rxc4 bxc4 19.Rc1 Qc7 20.g3 Rc8 21.Qb4 e6 22.Qa4 c3
23.Rc2 Qb7 24.f3 Qb1+ 25.Rc1 Qd3 26.Kf2 Rb8 27.Re1 h5 28.Qd1 Rb2+ 29.Kg1 Qxd1
30.Rxd1 Re2 31.Bf2 c2 32.Rc1 Rd2 33.Be3 Bxd4  0-1

[Event "Lost Boys"]
[Site "Amsterdam"]
[Date "1999.08.19"]
[Round "6"]
[White "Avrukh, Boris"]
[Black "Sokolov, Ivan"]
[Result "0-1"]
[WhiteElo "2588"]
[BlackElo "2656"]

1.d4 Nf6 2.c4 g6 3.Nc3 d5 4.cxd5 Nxd5 5.e4 Nxc3 6.bxc3 Bg7 7.Bb5+ c6 8.Ba4 O-O
9.Ne2 c5 10.O-O Nc6 11.Be3 Na5 12.dxc5 Nc4 13.Qxd8 Rxd8 14.Bg5 Bd7 15.Bb3 Na5
16.Rfd1 Bc6 17.f3 Bf8 18.e5 Rxd1+ 19.Rxd1 e6 20.Be3 Rc8 21.Nf4 Be7 22.c4 Be8
23.Nd3 Nc6 24.f4 Nb8 25.Rb1 Na6 26.Bd1 Bc6 27.Rb3 Rc7 28.Be2 h5 29.Kf1 Kf8
30.g3 Ke8 31.h3 Kd8 32.Kf2 Kc8 33.Bd4 Ba4 34.Rb2 Nxc5 35.Ke3 b6 36.g4 hxg4
37.hxg4 Nb7 38.Nf2 Na5 39.Ne4 Nxc4+ 40.Bxc4 Rxc4 41.Nd6+ Bxd6 42.exd6 Kd7
43.Be5 g5 44.fxg5 Bc6 45.Kd3 Rxg4 46.Rf2 Be4+ 47.Kc3 Bg6 48.Bf4 Rg1 49.Kd2 Ra1
50.Ke3 Rc1 51.Rd2 Rc3+ 52.Kd4 Rc5 53.Ke3 Rf5 54.Rg2 e5 55.Bh2 Kxd6 56.Rg4 Kd5
57.Rg1 Bh5 58.Rg2 Rf3+ 59.Kd2 e4 60.Ke1 Re3+ 61.Kf1 Rd3  0-1

[Event "FRA-ch qual"]
[Site "Bescanon"]
[Date "1999.08.19"]
[Round "2"]
[White "Housieaux, David"]
[Black "Roos, Daniel"]
[Result "0-1"]
[WhiteElo "2202"]
[BlackElo "2417"]

1.d4 Nf6 2.c4 g6 3.Nc3 d5 4.cxd5 Nxd5 5.e4 Nxc3 6.bxc3 Bg7 7.Bc4 c5 8.Ne2 O-O
9.O-O Nc6 10.Be3 Qc7 11.Qc1 Rd8 12.Rb1 a6 13.a4 Bd7 14.Nf4 e6 15.Ba2 Na5
16.d5 Re8 17.dxe6 fxe6 18.Nd3 Bf8 19.Qd1 Rad8 20.Qg4 Bc8 21.Nf4 Qf7 22.h4 Kh8
23.Qg3 Qg7 24.e5 Nc6 25.Rb6 Nxe5 26.Bxe6 Nc6 27.Bxc8 Rxc8 28.Rfb1 Rc7 29.Nd5 Rd7
30.c4 Bd6 31.Bf4 Nd4 32.R6b2 Bxf4 33.Qxf4 Rf7 34.Qg4 h5 35.Qd1 Re4 36.Qd3 Qe5
37.f4 Qf5 38.Rf1 Nc6 39.Qc3+ Kh7 40.Rb6 Nd4 41.Kh2 Qg4 42.Qh3 Qxh3+ 43.Kxh3 Kg7
44.Rfb1 Ne2 45.Rxb7 Rxc4 46.g3 Rxa4 47.R7b2 Nd4 48.Rc1 Ra5 49.Ne3 Re7 50.Nc4 Rb5
51.Ra2 Re2 52.Rxe2 Nxe2 53.Re1 Nd4 54.Re7+ Kf6 55.Ra7 a5 56.Ra6+ Ne6 57.Nxa5 Rb2
58.Nc4 Re2 59.Ne5 Kf5 60.Rc6 Rc2 61.Nxg6 Nd4 62.Ne7+ Ke4 63.Rh6 Ne2 64.Rxh5 Kf3  0-1

[Event "Brasilia Cup 3th"]
[Site "Brasilia"]
[Date "1999.08.19"]
[Round "1"]
[White "Coelho, Luis"]
[Black "Tsuboi, Edson Kenji"]
[Result "1/2-1/2"]
[WhiteElo "2041"]
[BlackElo "2322"]

1.d4 Nf6 2.c4 g6 3.Nc3 d5 4.cxd5 Nxd5 5.e4 Nxc3 6.bxc3 Bg7 7.Bb5+ Bd7 8.Be2 c5
9.Nf3 cxd4 10.cxd4 Bc6 11.Qd3 f5 12.exf5 Qa5+ 13.Bd2 Qxf5 14.Qe3 Bxf3 15.Bxf3 Nc6
16.O-O O-O 17.Bc3 Rad8 18.Rad1 Qf6 19.Bxc6 Qxc6 20.Bb4 Rf7 21.Rfe1 Qd5 22.Bxe7 Re8
23.Qa3 Bxd4 24.Bh4  1/2-1/2

[Event "FRA-ch qual"]
[Site "Bescanon"]
[Date "1999.08.21"]
[Round "4"]
[White "Sanchez, Nicolas"]
[Black "Pujos, Stephane"]
[Result "1/2-1/2"]
[WhiteElo "2160"]
[BlackElo "2270"]

1.d4 Nf6 2.c4 g6 3.Nc3 d5 4.cxd5 Nxd5 5.e4 Nxc3 6.bxc3 Bg7 7.Bc4 c5 8.Ne2 O-O
9.O-O Nc6 10.Be3 Qc7 11.Rc1 Rd8 12.Qa4 Na5 13.dxc5 Nxc4 14.Qxc4 Be6 15.Qa4 Bd7
16.Qb4 Bc6 17.Qb1 Rac8 18.Nd4 Be8 19.Qb4 Be5 20.f4 Bg7 21.e5 a6 22.Rb1 Rd5
23.Qxb7 Rxc5 24.Qxc7 R5xc7 25.Bd2 Rc5 26.Rb2 e6 27.Rfb1 Bf8 28.Rb8 Be7 29.Rxc8 Rxc8
30.Kf1 Bc5 31.Be3 Bxd4 32.Bxd4 Bc6 33.Rb6 Bd5 34.Rb2 Rc4 35.Kf2 Ra4 36.a3 Kg7
37.Ke3 Rxa3 38.Kd3  1/2-1/2

[Event "USA-ch G1"]
[Site "Salt Lake City"]
[Date "1999.08.24"]
[Round "2"]
[White "Yermolinsky, Alex"]
[Black "Kudrin, Sergey"]
[Result "1/2-1/2"]
[WhiteElo "2588"]
[BlackElo "2525"]

1.d4 Nf6 2.c4 g6 3.Nc3 d5 4.cxd5 Nxd5 5.e4 Nxc3 6.bxc3 Bg7 7.Be3 c5 8.Qd2 Qa5
9.Rc1 cxd4 10.cxd4 Qxd2+ 11.Kxd2 O-O 12.Nf3 Rd8 13.d5 Nc6 14.Ke1 Na5 15.Bg5 Kf8
16.Bd3 f5 17.Ke2 fxe4 18.Bxe4 Bd7 19.Rhd1 Ba4 20.Rd2 Bb5+ 21.Ke1 Nc4 22.Rdd1 Nd6
23.Bd3 Rac8 24.Rxc8 Rxc8 25.Be3 a6 26.Ng5 Bxd3 27.Rxd3 Kg8 28.Ne6 Bf6 29.Bd4 Rc4
30.g4 Bxd4 31.Rxd4 Rxd4 32.Nxd4 Ne4 33.Ne6 Nc3 34.a3 Nxd5 35.Nc5 b6 36.Nxa6 Kf7
37.Ke2 Kf6 38.Kd3 Ke5 39.Kc4 g5 40.Kb5 Kf4 41.Kc6 Nc3 42.Kxb6 Kxg4 43.Kc5 Kh3
44.Kb4 Nd5+ 45.Kc5 Nc3 46.Kb4 Nd5+ 47.Kc5  1/2-1/2

[Event "Zuglo Hotel op 2nd"]
[Site "Budapest"]
[Date "1999.08.25"]
[Round "5"]
[White "Ji Yunqi"]
[Black "Vereb, Gabor"]
[Result "1-0"]
[WhiteElo "2204"]
[BlackElo "2092"]

1.d4 Nf6 2.c4 g6 3.Nc3 d5 4.cxd5 Nxd5 5.e4 Nxc3 6.bxc3 Bg7 7.Bc4 c5 8.Ne2 Nc6
9.Be3 O-O 10.O-O Bg4 11.f3 Na5 12.Bd3 Be6 13.d5 c4 14.Bc2 Bd7 15.Bd4 e5 16.dxe6 Bxe6
17.Bxg7 Kxg7 18.Nd4 Qb6 19.Kh1 Rad8 20.Qe1 Nc6 21.f4 Nxd4 22.cxd4 f5 23.d5 Bf7
24.Qc3+ Kg8 25.Qxc4 Rc8 26.Qd3 fxe4 27.Qxe4 Rfe8 28.Qd3 Re3 29.Qd2 Rec3 30.Bb3 Qd6
31.Rac1 Qb4 32.Rxc3 Rxc3 33.Rd1 Rxb3 34.axb3 Qxd2 35.Rxd2 Kf8 36.Kg1 Ke7
37.d6+ Kd7 38.Rd3 Be6 39.Kf2 Bf5 40.Rd4 Be6 41.b4 Bf5 42.h3 h5 43.Kf3  1-0

[Event "Zuglo Hotel op 2nd"]
[Site "Budapest"]
[Date "1999.08.26"]
[Round "6"]
[White "Bu Xiangzhi"]
[Black "Gara, Ticia"]
[Result "1-0"]
[WhiteElo "2465"]
[BlackElo "2233"]

1.d4 Nf6 2.c4 g6 3.Nc3 d5 4.cxd5 Nxd5 5.e4 Nxc3 6.bxc3 Bg7 7.Nf3 c5 8.Rb1 O-O
9.Be2 cxd4 10.cxd4 Qa5+ 11.Bd2 Qxa2 12.O-O Bg4 13.Bg5 h6 14.Bh4 g5 15.Bg3 a5
16.Rxb7 a4 17.Re1 a3 18.Qc1 Rc8 19.Bc7 Qe6 20.Bc4 Qd7 21.Bb5 Rxc7 22.Qxc7 Qxc7
23.Rxc7 a2 24.Ra1 Bxf3 25.Rc8+ Kh7 26.e5 Be4 27.Bc4 e6 28.Rxa2 Rxa2 29.Bxa2 Na6
30.f3 Bg6 31.Kf2 Nb4 32.Bc4 h5 33.g3 Bf5 34.Rd8 Kg6 35.Bb5 f6 36.Be8+ Kh6
37.f4 gxf4 38.gxf4 fxe5 39.dxe5 Bf8 40.Bf7 h4 41.Rxf8 Kg7 42.Bxe6 Bxe6 43.Rf6 Bg4
44.Rd6 Bf5 45.Kf3 Nc2 46.Rf6 Bh7 47.Kg4 Ne3+ 48.Kg5 h3 49.Ra6 Nf1 50.Ra7+ Kh8
51.e6  1-0

[Event "USA-ch G1"]
[Site "Salt Lake City"]
[Date "1999.08.26"]
[Round "4"]
[White "Shliperman, Igor"]
[Black "Kudrin, Sergey"]
[Result "1-0"]
[WhiteElo "2466"]
[BlackElo "2525"]

1.d4 Nf6 2.c4 g6 3.Nc3 d5 4.cxd5 Nxd5 5.e4 Nxc3 6.bxc3 Bg7 7.Bc4 O-O 8.Ne2 Nc6
9.O-O b6 10.Bg5 Bb7 11.Qd2 Qd6 12.Rad1 Na5 13.Bd3 e5 14.Bh6 Rae8 15.f3 Rd8
16.Qg5 f6 17.Qh4 Bxh6 18.Qxh6 Rfe8 19.Kh1 Qf8 20.Qh4 Kg7 21.dxe5 fxe5 22.f4 Qe7
23.Qg3 exf4 24.Nxf4 Qe5 25.h4 Rd6 26.Rde1 Kg8 27.Re3 c5 28.Ref3 c4 29.Bb1 Bc6
30.Qf2 Qc5 31.Qxc5 bxc5 32.e5 Rxe5 33.Nxg6 Rxg6 34.Rf8+ Kg7 35.Bxg6 Kxg6
36.R1f6+ Kg7 37.R8f7+ Kg8 38.Rxa7 Re2 39.Rxa5 Bxg2+ 40.Kg1 Bb7 41.Ra7 Bd5
42.Rd6 Bf7 43.Rdd7 Bg6 44.Re7  1-0

[Event "POR-ch"]
[Site "Lisbon"]
[Date "1999.09.10"]
[Round "3"]
[White "Guerra, Victor"]
[Black "Santos, Antonio P"]
[Result "0-1"]
[WhiteElo "2120"]
[BlackElo "2263"]

1.d4 Nf6 2.c4 g6 3.Nc3 d5 4.cxd5 Nxd5 5.e4 Nxc3 6.bxc3 Bg7 7.Nf3 c5 8.Be3 O-O
9.Be2 Qa5 10.Bd2 Bg4 11.O-O Rd8 12.e5 Nc6 13.Rb1 Qxa2 14.Rxb7 cxd4 15.Qa1 Qxa1
16.Rxa1 Bxf3 17.gxf3 Bxe5 18.Ra3 Rab8 19.Rxb8 Rxb8 20.cxd4 Bxd4 21.Ra6 Rb6
22.Ra2 Rb2 23.Rxb2 Bxb2 24.Kg2 Bd4 25.Bb5 Nd8 26.Bb4 e5 27.Be7 Ne6 28.Bf6 e4
29.Be7 Nf4+ 30.Kg3 Be5 31.Kg4 h5+ 32.Kh4 f6 33.Ba3 Ng2+ 34.Kh3 exf3 35.Bc6 Ne1
36.Bc5 g5 37.Bxa7 f5 38.Be3 f4 39.Bd2 Bf6 40.Bxf4 gxf4 41.Bd5+ Kg7 42.Bf7 Kh6
43.Bxh5 Kg5 44.Be8 Bd4 45.Bb5 Bxf2 46.Bd3 Bc5 47.Bb5 Bd6 48.Bc4 f2  0-1

[Event "Budapest FS09 IM-B"]
[Site "Budapest"]
[Date "1999.09.13"]
[Round "10"]
[White "Krutti, Valer"]
[Black "Grimm, Sascha"]
[Result "1-0"]
[WhiteElo "2357"]
[BlackElo "2337"]

1.d4 Nf6 2.c4 g6 3.Nc3 d5 4.cxd5 Nxd5 5.e4 Nxc3 6.bxc3 Bg7 7.Bc4 O-O 8.Ne2 Qd7
9.f3 Nc6 10.Be3 Na5 11.Bd3 Rd8 12.h4 c5 13.Rc1 e6 14.Bg5 f6 15.Be3 b6 16.h5 Bb7
17.hxg6 hxg6 18.Qd2 cxd4 19.cxd4 Rac8 20.Rxc8 Rxc8 21.Nf4 Nc4 22.Bxc4 Rxc4
23.O-O Qc8 24.Rf2 Kf7 25.d5 exd5 26.exd5 g5 27.Nh5 Qf5 28.d6 Bd5 29.Qb2 Rc6
30.Qa3 Qd7 31.Rd2 Qxd6 32.Qd3 Rc1+ 33.Kf2 Bf8 34.Qxd5+ Qxd5 35.Rxd5 Rc2+
36.Rd2 Rc7 37.g4 Bb4 38.Re2  1-0

[Event "CRO-chT"]
[Site "Pula"]
[Date "1999.09.15"]
[Round "6"]
[White "Glavas, Dragan"]
[Black "Vujakovic, Branko"]
[Result "1-0"]
[WhiteElo "2261"]
[BlackElo "2389"]

1.d4 Nf6 2.c4 g6 3.Nc3 d5 4.cxd5 Nxd5 5.e4 Nxc3 6.bxc3 Bg7 7.Bb5+ c6 8.Ba4 O-O
9.Ne2 c5 10.O-O cxd4 11.cxd4 Nc6 12.Be3 Na5 13.Rc1 e6 14.Bf4 b6 15.Bc7 Qe7
16.e5 Bb7 17.Qd2 Rfc8 18.Bd6 Qd8 19.Bb5 Rxc1 20.Rxc1 Rc8 21.Ng3 Bd5 22.Bb4 Rxc1+
23.Qxc1 h5 24.Qf4 Bxg2 25.Kxg2 Qd5+ 26.Ne4 Qxb5 27.Qxf7+ Kxf7 28.Nd6+ Ke7
29.Nxb5+ Kd7 30.Bxa5 bxa5 31.Nxa7 Kc7 32.Kf3 Kb6 33.Nc8+ Kb5 34.Ne7 a4 35.Nxg6 Kb4
36.Nf4 Ka3 37.Nxe6  1-0

[Event "CRO-chT"]
[Site "Pula"]
[Date "1999.09.17"]
[Round "8"]
[White "Ascic, Anto"]
[Black "Banusic, Zeljko"]
[Result "1/2-1/2"]
[WhiteElo "2257"]
[BlackElo "2224"]

1.d4 Nf6 2.c4 g6 3.Nc3 d5 4.cxd5 Nxd5 5.e4 Nxc3 6.bxc3 Bg7 7.Bc4 c5 8.Ne2 cxd4
9.cxd4 Nc6 10.Be3 O-O 11.O-O Bg4  1/2-1/2

[Event "Donne Haas mem"]
[Site "Bonnevoie"]
[Date "1999.09.18"]
[Round "1"]
[White "Wiedenkeller, Michael"]
[Black "Wagener, Claude"]
[Result "1-0"]
[WhiteElo "2429"]
[BlackElo "2231"]

1.d4 Nf6 2.c4 g6 3.Nc3 d5 4.cxd5 Nxd5 5.e4 Nxc3 6.bxc3 Bg7 7.Be3 c5 8.Qd2 Qa5
9.Rb1 cxd4 10.cxd4 Qxd2+ 11.Kxd2 O-O 12.Nf3 Nc6 13.d5 Rd8 14.Bd3 Na5 15.Bf4 b6
16.Ke2 f5 17.Ng5 fxe4 18.Bxe4 Ba6+ 19.Kf3 Rac8 20.Rbc1 Bb2 21.Rxc8 Rxc8 22.Re1 Bc4
23.d6 exd6 24.Bxd6 h6 25.Nh3 g5 26.Kg3 Bf7 27.f4 Rc3+ 28.Kg4 Nc4 29.Bb4 Ne3+
30.Kg3 Rc4 31.Rxe3 gxf4+ 32.Nxf4 Rxb4 33.Nd3 Rb5 34.Nxb2 Rxb2 35.a3 Kg7 36.Kf4 Kf6
37.Rh3 h5 38.Rc3 Rf2+ 39.Bf3 Ra2 40.Rc6+ Kg7 41.Rc7 Rxa3 42.Bd5  1-0

[Event "Wch U20"]
[Site "Yerevan"]
[Date "1999.09.24"]
[Round "7"]
[White "Iljushin, Alexei"]
[Black "Naumann, Alexander"]
[Result "0-1"]
[WhiteElo "2527"]
[BlackElo "2478"]

1.d4 Nf6 2.c4 g6 3.Nc3 d5 4.cxd5 Nxd5 5.e4 Nxc3 6.bxc3 Bg7 7.Be3 c5 8.Qd2 Qa5
9.Rb1 b6 10.Nf3 O-O 11.Rc1 Ba6 12.Bxa6 Qxa6 13.Bh6 Nd7 14.h4 f6 15.Bxg7 Kxg7
16.h5 g5 17.d5 Qc4 18.Qc2 Rae8 19.Nd2 Qa6 20.c4 Ne5 21.O-O Qc8 22.f4 gxf4
23.Rxf4 Kh8 24.Rcf1 Qc7 25.Qc3 Rg8 26.Rf5 Rg4 27.Nf3 Rg3 28.Qc2 Ng4 29.Qd2 Rg8
30.Kh1 Qd6 31.e5 Nxe5 32.Nxe5 fxe5 33.Re1 R3g4 34.Rexe5 Rxc4 35.Qe3 Rh4+
36.Kg1 Rhg4 37.Rf2 b5 38.Rxe7 Qxd5 39.Qe5+ Qxe5 40.Rxe5 R4g5 41.Re7 R5g7
42.Re5 Rc7 43.Rc2 Rgc8 44.h6 Rc6 45.g4 Rxh6 46.Rcxc5 Rxc5 47.Rxc5 a6 48.a4 Rb6
49.a5 Rg6 50.g5 h6 51.Kf2 hxg5 52.Rc7 g4 53.Kg3 Kg8 54.Rb7 Kf8 55.Ra7 Ke8
56.Rc7 Kd8 57.Rb7 Kc8 58.Rh7 b4 59.Rh1 Rg7 60.Rb1 Rb7 61.Kxg4 Kd7 62.Rc1 Kd6
63.Kf4 Rb5 64.Ke4 Rc5 65.Rh1 Kc6 66.Kd4 Kb5 67.Ra1 Rc8 68.Kd3 b3 69.Kd2 Kb4
70.Rb1 Rd8+ 71.Kc1 Kc3 72.Rb2 Rd1+  0-1

[Event "World Cities-ch 2nd"]
[Site "Shenyang"]
[Date "1999.10.06"]
[Round "5"]
[White "Barus, Cerdas"]
[Black "Xu Jun"]
[Result "1-0"]
[WhiteElo "2465"]
[BlackElo "2535"]

1.d4 Nf6 2.c4 g6 3.Nc3 d5 4.cxd5 Nxd5 5.e4 Nxc3 6.bxc3 Bg7 7.Nf3 c5 8.Rb1 O-O
9.Be2 Nc6 10.d5 Ne5 11.Nxe5 Bxe5 12.Qd2 Bg7 13.O-O b6 14.f4 e6 15.Bc4 Bb7
16.Re1 exd5 17.Bxd5 Bxd5 18.exd5 Re8 19.Ba3 Qd7 20.Qd3 Qg4 21.g3 Qh3 22.Rbd1 h5
23.Bc1 h4 24.Rf1 Rad8 25.Qf3 hxg3 26.hxg3 Qf5 27.g4 Qc2 28.f5 Be5 29.Bd2 c4
30.fxg6 Qxg6 31.g5 Bd6 32.Rde1 Bc5+ 33.Kg2 Rxe1 34.Rxe1 Qd6 35.Bf4 Qxd5 36.Qxd5 Rxd5
37.Re8+ Kg7 38.Kf3 f5 39.gxf6+ Kxf6 40.Ke4 Rd1 41.Ra8 a5 42.Rb8 Ke6 43.Bc7 Re1+
44.Kf3 Rb1 45.Ke4 a4 46.Ra8 a3 47.Rb8 Rb2  1-0